Príťažlivosť hereckého umenia zrelej "generácie 70. rokov"

Podrobná bibliografia
Hlavný autor: Matejovičová, Stanislava (Autor)
Médium: Článok
Jazyk:slovenčina
ISSN:1337-1800
Predmet:

MARC

LEADER 00000nab a2200000 a 4500
001 vtls010064741
003 SK-MaSNL
005 20260304162840.0
008 250507c2010 xo mr|p|||||||000 b|slo
015 |a SNBRB2010/02  |2 snkbucl 
035 |a (sysno)vtls010064741 
035 |a urn:nbn:sk:snk-ab6jv0 
035 |a (uuid)4b6c90eb-030e-434b-b432-7d1c625eb152 
035 |a (urnnbn)urn:nbn:sk:snk:ar-004v4v 
038 |a SNKBUCL 
040 |a SNKBUCL  |b slo  |c SNKBUCL  |e AACR2 
041 0 |a slo 
044 |a xo  |c SK 
080 |a 792.071.2  |2 2001 
080 |a 792.028  |x (437.6)  |2 2001 
100 1 |a Matejovičová, Stanislava  |4 aut  |9 357902 
245 1 0 |a Príťažlivosť hereckého umenia zrelej "generácie 70. rokov"  |c Stanislava Matejovičová 
500 |a Poznámky 
648 7 |a 20. stor., 70. r.  |2 snkbucl  |9 657093 
650 0 7 |a slovenské herectvo  |2 snkbucl  |9 1489052 
650 0 7 |a herci  |2 snkbucl  |9 3087 
650 0 7 |a herecké umenie  |2 snkbucl  |9 1489053 
773 0 |t KOD  |g Roč. 4, č. 1 (2010), s. 36-44  |x 1337-1800 
850 |a Slovenská národná knižnica 
852 |a Slovenská národná knižnica 
954 |a odborná, vedecká literatúra pôvodná (slovenská)  |2 lita 
958 |a article2022 
958 |a SK 
958 |a OND 
958 |a EUIPO 
999 |c 2975729  |d 2977659